000
00347nam a2200145Ia 4500
008
240624s9999 xx 000 0 und d
041
_a
eng
082
_a
658.241 BUR
100
_a
BURNS PAUL
245
_a
ENTREPRENEURSHIP AND SMALL BUSINESS
250
_a
(2nd ed.)
260
_c
2006
_a
Macmillan,2006
300
_a
568 : p.
365
_c
BPS
_b
30
999
_c
14737
_d
14737